[Event "WYCC 2018 O18"]
[Site "Halkidiki"]
[Date "2018.10.30"]
[Round "11"]
[White "Makhnev, Denis"]
[Black "Banzea, Alexandru-Bogdan"]
[Result "1-0"]
[WhiteElo "2442"]
[BlackElo "2313"]
[Annotator "TA"]
[PlyCount "79"]
[EventDate "2018.10.20"]
[EventType "swiss"]
[EventCountry "GRE"]
[SourceTitle "playchess.com"]
[Source "ChessBase"]
[SourceQuality "1"]

{[%evp 18,79,0,0,20,-3,7,0,13,-7,7,17,12,15,20,10,16,15,14,18,16,-3,-24,-9,-15,-26,-6,-24,0,-18,0,-79,0,0,0,-32,31,-19,18,4,26,0,0,-44,112,60,215,210,233,228,227,163,168,160,291,284,272,250,267,176,511,480,459,462]} 1. d4 d5 2. c4 e6 3. Nf3 Nf6 4. g3 Bb4+ 5. Bd2 Bd6 6. Bg2 {E01: Catalan: Early deviations} c6 7. Qc2 Nbd7 8. O-O O-O 9. b3 Ne4 10. Bc1 {[%cal Bd2c1,Bc1b2,Bb2c3,Bc3a1][%mdl 32] LiveBook: 16 Games} a5 $146 {[%cal Ba7a5,Ba5a4][%mdl 32]} ({Predecessor:} 10... Qe7 11. Bb2 b6 12. Ne5 Bxe5 13. dxe5 {½-½ (56) Wojtaszek,R (2737)-Piorun,K (2640) Germany 2017}) 11. Nbd2 f5 12. Ne1 {[#]} a4 $1 {[%mdl 512]} 13. Nd3 (13. bxa4 Qa5) 13... Qf6 14. Bb2 a3 15. Bc3 $1 b6 {[%cal Bb7b6,Bb6c5][%mdl 32]} 16. Rac1 Bb7 17. Ba1 Qe7 18. Nf3 c5 19. cxd5 exd5 20. dxc5 bxc5 21. e3 Rac8 22. Rfd1 Ndf6 23. Nf4 Bxf4 24. gxf4 {[#]} (24. Bxf6 $11 {keeps the balance.} Rxf6 25. exf4) 24... Ng4 ({Black should try} 24... d4 $1 $17) 25. h3 $1 $11 {[%cal Rh3g4]} Ngf6 26. Ne5 Rfd8 (26... d4 $15) 27. f3 (27. b4 $5 {[%cal Rb4c5]}) 27... Nd6 28. Qd2 $36 {[%mdl 2048] White has the initiative.} Nh5 29. Rc2 d4 30. Bf1 dxe3 $2 (30... Nf7 $15 {stays ahead.} 31. Bc4 (31. exd4 Nxe5 32. fxe5 Bxf3 $17) 31... Bd5 32. exd4 Qh4) 31. Qxe3 $16 Nf7 $2 {[#]} (31... Ng3 $14) 32. Rcd2 $1 $18 {[%cal Rd2d7]} Rxd2 33. Rxd2 Nxe5 34. Qxe5 ({Don't take} 34. Bxe5 $6 Kh8) 34... Qxe5 35. fxe5 {Threatens to win with e6.} Bxf3 (35... Kf8 $16 {was necessary.}) 36. Bc4+ Kf8 37. Rd7 Ke8 38. Ra7 {And now Kf2 would win.} Bc6 $2 (38... Nf4 {is a better chance.}) 39. Bf7+ Kf8 40. Bxh5 {Precision: White = 59%, Black = 22%.} 1-0

[Event "WYCC 2018 O18"]
[Site "Halkidiki"]
[Date "2018.10.30"]
[Round "11"]
[White "Parvanyan, Ashot"]
[Black "Triapishko, Alexandr"]
[Result "1-0"]
[WhiteElo "2428"]
[BlackElo "2508"]
[Annotator "TA"]
[PlyCount "149"]
[EventDate "2018.10.20"]
[EventType "swiss"]
[EventCountry "GRE"]
[SourceTitle "playchess.com"]
[Source "ChessBase"]
[SourceQuality "1"]

{[%evp 16,149,9,9,14,6,7,0,20,0,0,0,58,61,72,69,60,67,72,81,83,59,103,96,204,223,375,354,494,481,440,270,276,270,560,363,377,358,364,375,360,331,382,381,343,324,333,320,325,318,317,315,274,355,295,298,376,375,373,367,355,360,359,356,352,342,342,325,347,262,243,253,375,385,377,383,424,443,457,354,360,354,320,314,418,423,385,416,406,403,366,351,575,541,546,539,1374,1200,991,1036,1428,606,1432,1436,1351,592,1294,1114,1340,1272,1610,1519,3895,2771,29972,29974,29974,29972,29974,29975,29976,29976,29976,29977,29978,29979,29980,29979,29979,29980,29980,29981,29986,29982,29982,29983]} 1. Nf3 d5 2. g3 Bg4 3. Bg2 Nd7 4. O-O c6 5. d3 e6 6. h3 {A07: Barcza-System (Königsfianchetto mit möglichen Übergängen in andere Systeme)} (6. e4 Bd6 7. h3 Bh5 8. exd5 exd5 9. Qe1+ Ne7 10. Nh4 O-O 11. g4 Re8 12. gxh5 Nc8 13. Qd1 Qxh4 14. Qg4 {0-1 (31) Grischuk,A (2750)-Carlsen,M (2832) chess.com INT 2017}) 6... Bxf3 7. Bxf3 Ngf6 8. e4 dxe4 9. dxe4 {LiveBook: 3 Partien} Bc5 10. Qe2 Qc7 11. Kh1 h5 $146 ({Vorgänger:} 11... O-O 12. a4 a5 13. Nd2 e5 14. Nc4 {1-0 (84) Parvanyan,A (2326)-Diller,D (2046) Willingen 2017}) 12. a4 {[%cal Ba2a4,Ba4a5][%mdl 32]} h4 13. g4 $1 g5 ({Lieber} 13... Bd6 $11) 14. Na3 $14 Nh7 15. Nc4 Nb6 16. a5 Nxc4 17. Qxc4 Qe5 {...Ld6 ist eine echte Drohung.} 18. Bg2 Qd4 19. Qb3 O-O-O (19... Qb4 $16) 20. Ra4 $18 {[%cal Ba1a4,Ba4c4,Bc4c5][%mdl 32]} Qd7 $2 (20... Qd6 21. f4 a6) 21. Rc4 $1 Qd6 22. a6 {[%csl Ga6][%cal Rb3b7]} b6 23. Qc3 e5 24. Be3 ({Auf keinen Fall} 24. b4 $6 Bd4 $16) 24... Kc7 $2 (24... Rhe8 25. Bxc5 (25. b4 Bd4 $18) 25... bxc5 26. Rxc5 Re6) 25. Bxc5 bxc5 26. Rxc5 Rhe8 27. Qa5+ Kd7 28. Bf3 Qf6 29. Kg2 Re6 30. Rd1+ Ke8 31. Rxd8+ Qxd8 32. Rxe5 Qxa5 33. Rxa5 {[%mdl 4096] Endspiel KTL-KTS} f6 34. e5 fxe5 35. Be4 Nf6 36. Bf5 Re7 37. Rc5 Nd5 38. Rxc6 e4 39. Rc4 e3 {Droht stark ...e2.} 40. Rc8+ Kf7 {[#] ( -> ...e2)} 41. fxe3 $1 Rxe3 42. Rc5 Nf4+ 43. Kf2 Re2+ (43... Re7 {ist eine bessere Verteidigung.} 44. Rc3 Re2+ 45. Kf1 Re7) 44. Kf3 Re7 45. Bd3 Rd7 46. Rf5+ Ke7 47. Ke3 Nxh3 48. Bf1 Nf4 49. Rxg5 {Schwarz muss nun Tg7+ beachten.} Rd1 50. Kxf4 Rxf1+ {KT-KT} 51. Ke3 h3 52. Rh5 Rh1 53. Rh6 Kf7 $2 (53... Kd7 {kämpft weiter.} 54. Kf4 Kc7) 54. Kd2 Kg7 55. g5 Rh2+ 56. Kc3 Rh1 57. b4 Ra1 58. Kc4 h2 59. Rxh2 Rxa6 {[#]} 60. c3 (60. Rh6 $142 $1 Ra1 (60... Rxh6 61. gxh6+) 61. b5) 60... Ra3 61. Kd4 Kg6 62. Rf2 Kxg5 63. c4 {[%cal Bc3c4,Bc4c5,Bc5c6,Bc6c7][%mdl 32]} Rb3 64. b5 a6 65. bxa6 {Weiß setzt Matt.} Ra3 66. Kd5 Rxa6 67. c5 Ra1 68. Kd6 Rd1+ 69. Kc7 Kg6 70. c6 Rc1 71. Kd7 Rd1+ 72. Kc8 Rc1 73. c7 Kg7 74. Rb2 Kf7 75. Kb8 {Precision: Weiß = 86%, Schwarz = 43%.} 1-0

[Event "WYCC 2018 O18"]
[Site "Halkidiki"]
[Date "2018.10.30"]
[Round "11"]
[White "Ioannidis, Evgenios"]
[Black "Gonzalez Carrillo, Javier Omar"]
[Result "1-0"]
[WhiteElo "2407"]
[BlackElo "2031"]
[Annotator "TA"]
[PlyCount "67"]
[EventDate "2018.10.20"]
[EventType "swiss"]
[EventCountry "GRE"]
[SourceTitle "playchess.com"]
[Source "ChessBase"]
[SourceQuality "1"]

{[%evp 20,67,72,77,207,214,194,194,197,194,199,185,204,190,190,199,204,192,196,166,181,172,379,369,420,387,372,361,530,529,577,570,567,561,539,526,525,513,488,444,445,446,438,435,431,393,450,439,29998,29999]} 1. d4 d5 2. c4 e6 3. Nc3 Nf6 4. cxd5 exd5 5. Bg5 Be7 6. e3 Nbd7 7. Bd3 c6 8. Nge2 O-O 9. Qc2 Re8 10. O-O Ne4 11. Bf4 {LiveBook: 8 Games} f5 {[#] D36: Queen's Gambit Declined: Exchange Variation: Main line (5 Bg5 c6 6 Qc2)} (11... Ndf6 $16) (11... Nef6 12. f3 Nf8 13. Bg3 c5 14. Bf2 a6 15. a4 Ne6 16. Rad1 cxd4 17. Nxd4 Nxd4 18. exd4 h6 19. Qb3 {½-½ (30) Gomez,J (2463)-Markov,M (2390) Ashkhabad 2017}) 12. Nxd5 $1 $18 {[%mdl 512]} Bd6 (12... cxd5 $2 13. Bc7 $18) 13. Bxe4 fxe4 $146 {White is clearly better.} ({Predecessor:} 13... Bxf4 14. Ndxf4 fxe4 15. Ng3 Nf6 16. b4 Qe7 17. Rab1 Bd7 18. a4 Rac8 19. Qc5 {½-½ (43) Oreopoulos,K (2260)-Wielsch,K Thessaloniki 2002}) 14. Qb3 Bxf4 15. Nf6+ ({And not} 15. Nexf4 cxd5 16. Nxd5 (16. Qxd5+ Kh8 $15) 16... Kh8 $15) 15... Kh8 {Threatens to win with ...Bxh2+!} 16. Nxe8 {aiming for Qf7.} Bxh2+ 17. Kxh2 Qxe8 18. Nf4 Nf6 {intending ...g5.} 19. Rh1 g5 {[#]} 20. Ne2 $1 ({Resist} 20. Nh3 Nd5 $16) 20... Be6 $2 (20... b6 {was called for.} 21. Nc3 Be6) 21. Qxb7 Rb8 22. Qc7 Rxb2 23. Qe5 Kg7 (23... Qf7 $142 24. Nc3 Kg8) 24. Qxg5+ Qg6 25. Nf4 Qxg5 26. Nxe6+ Kg6 {( -> ...Qh4+)} 27. Nxg5 Kxg5 {[%mdl 4096] Endgame KRR-KRN} 28. Kg3 Nh5+ 29. Rxh5+ Kxh5 30. Rc1 Rxa2 31. Rxc6 Kg5 32. Re6 Kf5 33. Rh6 {Threatening mate with Kh4.} a5 (33... Ra1 $18 34. Rxh7 Ra2 35. Rh5+ Ke6 36. Re5+ Kd6 37. Rxe4 a5) 34. Kh4 {Precision: White = 89%, Black = 27%.} 1-0

[Event "WYCC 2018 O18"]
[Site "Halkidiki"]
[Date "2018.10.30"]
[Round "11"]
[White "Ayats Llobera, Gerard"]
[Black "Risting, Eivind Olav"]
[Result "1/2-1/2"]
[WhiteElo "2399"]
[BlackElo "2299"]
[Annotator "TA"]
[PlyCount "95"]
[EventDate "2018.10.20"]
[EventType "swiss"]
[EventCountry "GRE"]
[SourceTitle "playchess.com"]
[Source "ChessBase"]
[SourceQuality "1"]

{[%evp 9,95,9,15,-34,-23,-14,4,4,2,-1,13,0,31,0,8,0,0,0,0,0,0,0,0,-18,-15,-16,-18,-16,-16,-22,-19,-29,-18,-24,0,-8,-4,-11,-13,-11,-1,-17,-8,-15,-21,-10,0,-14,-5,-10,-12,-42,-33,-70,0,0,0,0,0,0,0,0,0,0,10,0,0,0,22,21,46,10,37,0,0,-4,0,-18,0,-20,0,-104,-122,-105,-93,-163,-164,-240]} 1. b3 d5 2. Bb2 Bg4 3. g3 c6 4. Bg2 Nd7 5. h3 (5. Nf3 Ngf6 6. O-O Bxf3 7. exf3 e6 8. f4 g6 9. d3 Bg7 10. Nd2 O-O 11. Nf3 a5 12. a3 Qc7 13. Ne5 Ne8 14. Re1 {1-0 (39) Nakamura,H (2792)-Navara,D (2737) Saint Louis 2017}) 5... Bh5 {LiveBook: 21 Games} 6. f4 {A01: Nimzowitsch-Larsen Opening} e6 7. Nf3 Bxf3 8. Bxf3 {The position is equal.} h5 $146 ({Predecessor:} 8... e5 9. e3 {½-½ (9) Rodriguez Guillen,J (2003)-Muniz Pardino,A (2054) Padron 2002}) 9. e3 Ngf6 10. Nc3 Qc7 11. Qe2 O-O-O 12. O-O-O e5 13. fxe5 Nxe5 14. g4 hxg4 15. hxg4 Bd6 16. Rdf1 Qe7 17. Kb1 Kb8 18. Qg2 Nh7 19. Bd1 Ng5 20. Ne2 g6 21. Nd4 Rde8 22. Nf3 Rxh1 23. Rxh1 Nexf3 24. Bxf3 Be5 25. Bc1 Rh8 26. Be2 Rxh1 27. Qxh1 Ne4 28. Qh7 a6 29. Bd3 Ng5 30. Qg8+ Ka7 31. a4 c5 ({Better is} 31... Qb4 $1 $15 32. Qe8 f6) 32. Ba3 $11 Bd6 {[#] aiming for ...c4.} 33. Qc8 Nf3 {Threatens to win with ...c4.} 34. Kc1 Ne5 35. Be2 Nc6 36. Qh8 Ne5 37. Qh1 Qe6 38. g5 Nc6 39. Bf3 Ne7 40. Kb1 Qf5 41. d4 Qxg5 42. dxc5 Bc7 43. e4 {[%cal Re4d5]} d4 44. e5 Qd2 45. Be4 (45. Bc1 $11 {remains equal.} Qc3 46. Bb2 Qxc5 47. Bxb7 Bxe5 48. Ba8) 45... Bxe5 $17 46. Bd3 Nc6 47. Qd5 (47. Bc1 $17 Qc3 48. Qf1) 47... f6 $19 48. Qd7 {Precision: White = 48%, Black = 61%.} (48. b4 {was necessary.}) 1/2-1/2

[Event "WYCC 2018 O18"]
[Site "Halkidiki"]
[Date "2018.10.30"]
[Round "11"]
[White "Miciano, John Marvin"]
[Black "Rengifo Blancas, Renzo Jhonathan"]
[Result "1/2-1/2"]
[WhiteElo "2361"]
[BlackElo "2123"]
[Annotator "TA"]
[PlyCount "75"]
[EventDate "2018.10.20"]
[EventType "swiss"]
[EventCountry "GRE"]
[SourceTitle "playchess.com"]
[Source "ChessBase"]
[SourceQuality "1"]

{[%evp 9,75,0,0,0,-6,-26,2,0,25,25,1,15,18,-4,-18,-21,-14,-70,-78,-81,-9,-14,-12,-51,-58,-77,-69,-77,-77,-77,-77,-77,-58,-77,-73,-77,-74,-70,-73,-95,-62,-80,-77,-72,-33,-33,-12,-12,-12,-33,-26,-33,-26,-41,0,0,0,0,0,0,0,0,0,0,0,0,0,0]} 1. c4 Nf6 2. g3 e5 3. Bg2 c6 4. e4 (4. d4 exd4 5. Qxd4 Na6 6. Nf3 Bc5 7. Qe5+ Be7 8. O-O O-O 9. Nc3 Nc7 10. Rd1 Re8 11. Qa5 d5 12. e4 b6 13. Qa4 {0-1 (63) Fedoseev,V (2707)-Inarkiev,E (2690) Satka 2018}) 4... d5 5. exd5 cxd5 6. cxd5 {A20: English Opening: 1...e5} Nxd5 {White must now prevent ...Nb4.} 7. Ne2 $146 ({Predecessor:} 7. d4 Bb4+ 8. Bd2 exd4 9. Nf3 O-O 10. O-O Nc6 11. Bxb4 Ndxb4 {1-0 (34) Kulon,K (2370)-Zawadzka,J (2424) Riadh 2017}) 7... Nb4 8. O-O N8c6 {[#]} 9. d4 $1 {[%mdl 512]} Nxd4 10. Nxd4 Qxd4 11. Qxd4 (11. Qe2 {looks sharper.} Be7 12. Qb5+ Bd7 13. Qxb7 O-O 14. Be3) 11... exd4 12. Na3 Bc5 $36 {[%mdl 2048] Black is pushing.} 13. Nb5 (13. Bd2 $11) 13... O-O $15 14. Bd2 Nd3 (14... Nc2 $17 15. Rac1 Bf5) 15. Be4 $11 Nxb2 {Threatening ...Bd7.} 16. Rfc1 Bb6 17. Rab1 Na4 18. Nc7 Rb8 19. Nd5 Be6 20. Nxb6 Nxb6 21. Bf4 Rbd8 ({Reject} 21... Bxa2 22. Ra1 $11) 22. Bc7 {[#]} Rd7 $1 23. Bxb6 axb6 24. Rxb6 Bxa2 25. Rxb7 Rxb7 26. Bxb7 $17 {[%mdl 4096] Endgame KRB-KRB} d3 {...d2 is the strong threat.} 27. Rd1 Rd8 {Hoping for ...d2.} 28. Rd2 Bc4 {Black wants to play ...Kf8.} 29. Be4 g6 {Strongly threatening ...f5.} 30. f4 $1 Re8 31. Bg2 Kf8 32. Kf2 {The position is equal.} Ke7 33. Bf1 Rd8 34. Ke3 Kf6 35. Bxd3 Bxd3 36. Rxd3 Rxd3+ 37. Kxd3 Kf5 38. h3 $1 {Precision: White = 62%, Black = 57%.} 1/2-1/2

[Event "WYCC 2018 O18"]
[Site "Halkidiki"]
[Date "2018.10.30"]
[Round "11"]
[White "Agmanov, Zhandos"]
[Black "Sarana, Alexey"]
[Result "1-0"]
[WhiteElo "2354"]
[BlackElo "2641"]
[Annotator "TA"]
[PlyCount "87"]
[EventDate "2018.10.20"]
[EventType "swiss"]
[EventCountry "GRE"]
[SourceTitle "playchess.com"]
[Source "ChessBase"]
[SourceQuality "1"]

{[%evp 13,87,20,37,6,0,-8,15,12,0,8,70,10,10,10,10,10,20,18,26,12,89,85,87,85,110,110,104,79,84,75,97,44,189,183,180,185,184,182,186,184,175,193,254,235,231,214,198,198,329,351,333,329,383,412,395,397,387,375,385,385,378,365,478,461,461,443,497,492,469,467,683,667,716,635,943,936]} 1. e4 c5 2. Nf3 d6 3. d4 cxd4 4. Nxd4 Nf6 5. f3 e5 6. Nb3 Be6 7. c4 Nbd7 ({Much weaker is} 7... Nxe4 $6 8. fxe4 Qh4+ 9. Kd2 $16) 8. Be3 {B55: Sicilian: 2...d6 3 d4 cxd4 4 Nxd4 Nf6 5 f3} b5 9. c5 (9. Na3 a6 10. cxb5 d5 11. bxa6 dxe4 12. Bb5 Nd5 13. Bc5 Nf4 14. O-O Bxb3 15. Qxd7+ Qxd7 16. Bxf8 Rxf8 17. axb3 Rxa6 18. Bxd7+ Kxd7 {½-½ (27) Vitiugov,N (2721)-Duda,J (2710) Czech Republic 2018}) 9... dxc5 $146 (9... a6 $5 {[%cal Rd6c5]}) ({Predecessor:} 9... a6 10. cxd6 Qb8 11. Be2 Bxd6 12. O-O O-O 13. Nc3 Rd8 14. Kh1 Nb6 15. Qc2 b4 {½-½ (31) Andersen,M (2565)-Teplyi,I (2438) Skorping 2017}) 10. Bxb5 {The position is equal.} c4 11. N3d2 $1 Qa5 (11... Qc7 $11) 12. Qa4 ({Better is} 12. Nc3 $14) 12... Qxa4 $11 13. Bxa4 Bb4 14. Ke2 Ke7 15. Bb5 Rhc8 16. Rc1 {[%cal Rb5c4]} Nb6 {[#]} (16... Ne8 $11) 17. Ba6 $1 $16 Rc7 18. b3 cxb3 19. Rxc7+ Kd6 {Strongly threatening ...b2.} 20. Nc3 {[%cal Rc3b5]} ({Don't blunder} 20. Rc3 $2 b2 $19) 20... Kxc7 21. Nb5+ Kd8 {[#] ...b2 is the strong threat.} 22. Nxa7 $1 {[%mdl 512]} Ba5 (22... Bc3 $1 $14 23. Bxb6+ Ke8) (22... Rxa7 23. Bxb6+) 23. axb3 $18 Rxa7 24. Rxa5 Nfd7 25. b4 {[%cal Bb3b4,Bb4b5][%mdl 32]} f6 26. Bb5 $36 {[%mdl 2048] White is on the roll.} Rb7 27. Bc6 Rb8 (27... Rc7 $142) 28. b5 Nc8 29. Ba7 Nxa7 30. Rxa7 Ke7 (30... Rb6 $142 31. Kd3 Nb8 32. Rxg7 Nxc6) 31. Kd3 Kd6 32. Kc3 g5 33. Nc4+ Bxc4 34. Kxc4 {[%mdl 4096] Endgame KRB-KRN} Nb6+ 35. Kb4 h5 36. Rf7 Ke6 37. Rh7 h4 38. Ka5 {White is clearly winning.} Kd6 39. Ka6 Kc5 40. Bb7 Nc4 41. Rc7+ Kb4 (41... Kd4 $142 42. b6 Nd6) 42. b6 h3 43. gxh3 Rh8 44. Bc8 {Precision: White = 78%, Black = 55%.} 1-0

[Event "WYCC 2018 O18"]
[Site "Halkidiki"]
[Date "2018.10.30"]
[Round "11"]
[White "Ahmadzada, Ahmad"]
[Black "Kandil, Adham"]
[Result "1-0"]
[WhiteElo "2343"]
[BlackElo "2292"]
[Annotator "TA"]
[PlyCount "77"]
[EventDate "2018.10.20"]
[EventType "swiss"]
[EventCountry "GRE"]
[SourceTitle "playchess.com"]
[Source "ChessBase"]
[SourceQuality "1"]

{[%evp 16,77,27,-6,9,1,1,0,10,-15,-16,-8,-7,-23,-16,-10,0,0,9,14,15,0,5,0,54,70,190,17,27,20,175,168,229,225,350,337,353,337,519,511,458,460,1689,1700,1230,788,819,816,1022,1007,991,991,2211,1945,29972,1629,29984,29985,29975,29975,29975,29972,6403,6335]} 1. Nf3 c5 2. c4 Nc6 3. Nc3 e5 4. g3 g6 5. Bg2 Bg7 6. O-O Nge7 7. Ne1 a6 8. Nc2 {A37: Symmetrical English vs ...g6: 4 Bg2 Bg7 5 Nf3} Rb8 9. a4 {LiveBook: 11 Games} Nd4 $146 ({Predecessor:} 9... d6 10. Ne3 Nb4 11. b3 O-O 12. Ba3 f5 13. Bxb4 cxb4 14. Ncd5 Nc6 15. a5 f4 {0-1 (29) Cox,J (2381)-Motylev,A (2672) Kallithea 2008}) 10. Nxd4 {The position is equal.} exd4 11. Ne4 d6 $1 12. e3 f5 13. Ng5 Nc6 14. exd4 Qxg5 15. Re1+ Kf8 16. dxc5 $1 {Strongly threatening d4.} dxc5 17. d4 Qd8 $1 18. Bf4 Ra8 19. Qe2 {[#] Black must now prevent Bd6+!} h6 ({Don't go for} 19... Bxd4 $2 20. Bh6+ Kf7 21. Bd5+ Kf6 22. Qd2 $18) (19... Nxd4 $11 20. Bd6+ Kf7 21. Qe7+ (21. Bd5+ Be6 $17) 21... Qxe7 22. Rxe7+ Kf6 23. Rxg7 Kxg7 24. Be5+ Kg8 25. Bd5+ Be6 26. Bxd4 cxd4 27. Bxe6+ Kg7) 20. dxc5 $14 Nd4 (20... Kg8 $1 $14) 21. Qd3 $2 ({Better is} 21. Qe3 $18 Nc2 22. Rad1) 21... Kf7 $1 $11 22. Rad1 $36 {[%mdl 2048] aiming for Bd5+. Black is under pressure.} Be6 $2 (22... Re8 $1 $11) 23. Bxb7 $18 {Hoping for Qe3.} Ra7 (23... Re8 $142) 24. c6 Qb6 (24... Nxc6 {was worth a try.} 25. Qe3 Nd4) 25. Be5 Bxe5 26. Rxe5 Nxc6 (26... Rd8 {might work better.}) 27. Qd6 $1 {[%csl LRc6,LRe6]} Qxb7 28. Rxe6 Ne7 (28... Qd7 $142 29. Rf6+ Ke8 30. Qxc6 Qxc6 31. Rxc6 Rg8) 29. Rf6+ Kg7 30. Qe5 {Rxf5+ would kill now.} Qe4 {[#]} 31. Qc3 $1 Nd5 32. cxd5 {White threatens Rxa6+ and mate.} Kh7 33. Re6 Qxa4 34. Rde1 {Threatening mate with Re7+.} Rf8 35. d6 (35. Re7+ $142 Rf7 36. Re8 Rg7 37. Qc8 Qxe8 38. Rxe8 Rgf7 39. Rh8+ Kg7 40. Qg8+ Kf6 41. Rxh6) 35... Rd7 36. Re7+ Rf7 37. Qf6 Rdxe7 38. Rxe7 Rxe7 39. Qxe7+ {Precision: White = 55%, Black = 33%.} 1-0

[Event "WYCC 2018 O18"]
[Site "Halkidiki"]
[Date "2018.10.30"]
[Round "11"]
[White "Ranaldi, Lucas"]
[Black "Jimenez Ramallo, Francisco J"]
[Result "0-1"]
[WhiteElo "2335"]
[BlackElo "2073"]
[Annotator "TA"]
[PlyCount "108"]
[EventDate "2018.10.20"]
[EventType "swiss"]
[EventCountry "GRE"]
[SourceTitle "playchess.com"]
[Source "ChessBase"]
[SourceQuality "1"]

{[%evp 22,108,39,34,44,50,54,33,35,35,36,39,52,31,41,6,25,26,27,-17,-6,-6,0,-55,-54,-64,-70,-75,-32,-24,0,0,0,0,0,-21,0,0,0,-5,0,-85,-68,-57,-51,-78,-62,-157,-142,-122,-143,-323,-281,-238,0,0,0,-77,140,18,18,18,20,20,20,20,33,0,141,77,70,70,314,291,277,272,367,352,353,349,319,301,285,277,264,-29997,-29998,-29998,-29999]} 1. d4 d5 2. c4 c6 3. Nf3 Nf6 4. e3 Bf5 5. Nc3 e6 6. Nh4 Bg4 7. Qb3 Qc7 8. h3 {D12: Slav Defence: 3 Nf3 Nf6 4 e3 Bf5} (8. Bd2 Bh5 9. Rc1 dxc4 10. Bxc4 Be7 11. h3 Qb6 12. g3 Nbd7 13. O-O Nd5 14. Ng2 Bg6 15. f3 O-O {½-½ (48) Aronian,L (2781)-Vallejo Pons,F (2705) Linares 2010 CBM 135 [Ftacnik,L]}) 8... Bh5 9. g4 Bg6 10. Nxg6 hxg6 11. Bg2 Be7 12. Bd2 {LiveBook: 10 Games} Nbd7 {[%cal Bb8d7,Bd7b6,Bb6c8,Bc8d6,Bd6f5][%mdl 32]} 13. g5 Nh5 14. h4 Nb6 15. cxd5 exd5 16. Qc2 $146 {And now Nxd5! would win.} Qd8 17. b3 O-O 18. Ne2 a5 19. a4 Nc8 20. Rh3 Qd7 21. Rh2 Nd6 22. f3 (22. Bh3 $11 Qc7 23. Bg4) 22... Rfe8 23. Bh3 Nf5 24. Kf2 Qc7 25. f4 Nd6 (25... Nxh4 26. Rah1 $16) 26. Nc3 Qb6 27. Bg4 Bf8 28. Rb1 Ne4+ 29. Nxe4 Rxe4 30. Bf3 Ree8 31. f5 {[#]} (31. Bxh5 $11 gxh5 32. g6) 31... c5 $1 $17 {[%cal Rc5d4]} ({But not} 31... Qc7 $6 32. Rg2 $14) 32. Qd3 cxd4 33. exd4 Bd6 34. Rg2 {[#]} (34. Rh3 $15) 34... Nf4 $1 {[%cal Rf4d3]} 35. Bxf4 Bxf4 36. Bxd5 $2 (36. Rd1 $17 {was called for.}) 36... Rad8 37. Qc4 Rxd5 $2 (37... Be3+ $19 38. Kf1 Re7) 38. Qxd5 $11 {Black must now prevent Re1.} Re5 39. Qd7 (39. Qc4 $11 Be3+ 40. Kf3 Bxd4 41. Rd2 (41. fxg6 Re3+ 42. Kg4 Qxg6 $19) 41... Re3+ 42. Kg2) 39... Be3+ $2 (39... Rxf5 $17 40. Kg1 Kh7) 40. Kf3 (40. Kg3 $16 Bxd4 41. Rd2) 40... Bxd4 41. Rd2 Rxf5+ 42. Kg2 Rf4 {Threatening ...Qb4.} 43. Rf1 $36 {[%mdl 2048] White has good play.} Qb4 $1 {[%cal Rb4d2]} 44. Rd3 Rxf1 (44... Qc5 $1 $11 45. Qe8+ (45. Rxf4 Qc2+ 46. Kh1 Qc1+ 47. Kg2 Qc2+ 48. Kh1 Qc1+ 49. Kg2 Qc2+ $11) 45... Kh7 46. Rxf4 Qc2+ 47. Kf1 Qxd3+ 48. Qe2 Qh3+ 49. Qg2 Qd3+ 50. Qe2 Qh3+ 51. Qg2 Qd3+ 52. Qe2) 45. Qe8+ ({Better is} 45. Kxf1 Bc5 46. Qe8+ Kh7 47. Qxf7) 45... Kh7 $16 {( -> ...Rg1+)} 46. Kxf1 $14 {[%mdl 4096] Endgame KQR-KQB} Bb6 $2 (46... Qc5 $1 $14) 47. Qxf7 $18 {White wants to mate with h5.} Qc5 48. Qf3 Qc1+ 49. Rd1 Qc5 50. h5 Qxg5 51. hxg6+ Qxg6 52. Qh1+ Kg8 53. Qxb7 $4 {[%mdl 8192]} (53. Qd5+ $18 Kh7 54. Rd3) 53... Qg1+ 54. Ke2 Qe3+ {Precision: White = 50%, Black = 50%.} 0-1